000 01766nam a2200349 a 4500
001 000043526
003 OSt
005 20260428073714.0
008 140324s2009 dr 000 e spa d
020 _a9789945412321
040 _aDO-SdBNP
_bspa
_cBNPHU
082 4 _aRD864.44
_bP925p, 2008
_222
111 2 _aPremios Funglode /GFDD Ensayo
_d(2008 :
_cSanto Domingo )
_971272
245 1 0 _aPremio de ensayo Pedro Francisco Bonó /
_cJosé M. Fernández Pequeño, Jorge Ulloa Hung ... [et al.].
250 _a2a. ed.
260 _aSanto Domingo :
_bFUNGLODE,
_c2009.
300 _a356 p. ;
_c27 cm.
490 1 _aPremios FUNGLODE /GFDD 2008
_aEnsayo
500 _aIncluye notas al pie de las páginas
505 0 _gPrimer lugar --
_tDistantes y distintos/
_rJosé M. Fernández Pequeño
_gSegundo lugar
_tSaconcho dominicano /
_rJorge Ulloa Hung
_gPrimera mención -
_tConsolidación del Estado Constitucional de Derecho y sus consecuencias en la Administración de la justicia /
_rJorge Antonio López Hilario
_gSegunda mención --
_tApuntes para una revalorización del pensamiento político y visión de la sociedad dominicana --
_gTercera mención --
_tPensar a contracorriente en el final del unilateralismo /
_rFélix Díaz Tejada
590 _aInventariado, 2020/VM
650 0 _aEnsayos dominicanos
_965
650 0 _aLiteratura dominicana.
_967
650 4 _aCertámenes literarios
_91541
650 0 _aPremios literarios
_91542
700 1 _aFernández Pequeño, José M.
_tDistante y distintos
_971273
700 1 _aUlloa Hung, Jorge
_tSancocho dominicano
_971274
710 2 _aFundación Global Democracía y Desarrollo
_925477
830 0 _aPremios FUNGLODE / GFDD 2008
_pEnsayo
_971275
910 _aValidado. Control de calidad MFF
942 _2ddc
_cLF1
999 _c43015
_d43015